|
|
|
|
| LEADER |
01668nam a2200313 a 4500 |
| 001 |
18125 |
| 003 |
BD-DhAAL |
| 008 |
090819r2007 nyua 001 0 eng d |
| 010 |
|
|
|a \\2006053185
|
| 020 |
|
|
|a 9780831133375
|
| 020 |
|
|
|a 9780230574106
|
| 020 |
|
|
|a 0831133376
|
| 040 |
|
|
|a DLC
|c DLC
|d YDX
|d BAKER
|d BTCTA
|d YDXCP
|d DLC
|d BD-DhAAL
|
| 082 |
0 |
0 |
|a 511.8
|2 22
|
| 245 |
0 |
0 |
|a Guide to mathematical modelling /
|c Dilwyn Edwards, Mike Hamson.
|
| 250 |
|
|
|a 2nd ed.
|
| 260 |
|
|
|a New York :
|b Industrial Press,
|c 2007 [reprinted]
|
| 300 |
|
|
|a x, 326 p. :
|b ill. ;
|c 26 cm
|
| 500 |
|
|
|a Includes index.
|
| 526 |
|
|
|a MNS
|x Ferdousi Ara Begum,
Faculty Member of BRAC University
Course name : Mathematical Modeling (MAT 423)
|
| 541 |
1 |
|
|e 18125, 18126
|a D. S. Books International
|
| 650 |
|
0 |
|a Mathematical models.
|
| 700 |
1 |
|
|a Edwards, Dilwyn.
|9 57493
|
| 700 |
1 |
|
|a Hamson, Mike.
|9 57494
|
| 852 |
4 |
|
|a Ayesha Abed Library
|c General Stacks
|
| 942 |
|
|
|2 ddc
|c BK
|
| 999 |
|
|
|c 3605
|d 3605
|
| 952 |
|
|
|0 0
|1 0
|2 ddc
|4 0
|6 511_800000000000000_GUI_2007
|7 0
|9 3272
|a BRACUL
|b BRACUL
|c GEN
|d 2009-09-02
|e D. S. Books International
|g 6541.00
|l 3
|m 3
|o 511.8 GUI
|p 3010018126
|r 2018-01-08
|s 2017-09-11
|t 2
|w 2009-09-02
|y BK
|x Requisitioned by Ferdousi Ara Begum (Faculty Member of BRAC University) for the course named- "Mathematical Modeling (MAT 423)" ; USD 59.47
|
| 952 |
|
|
|0 0
|1 0
|2 ddc
|4 0
|6 511_800000000000000_GUI_2007
|7 0
|9 9610
|a BRACUL
|b BRACUL
|c GEN
|d 2010-05-02
|e D. S. Books International
|l 3
|m 13
|o 511.8 GUI
|p 3010018125
|q 2026-06-02
|r 2026-04-26
|s 2026-04-26
|t 1
|w 2010-05-02
|y BK
|x Requisitioned by Ferdousi Ara Begum (Faculty Member of BRAC University) for the course named- "Mathematical Modeling (MAT 423)" ; USD 59.47
|